[Event "Asia-ch Amateur"]
[Site "Dubai"]
[Date "2023.08.29"]
[Round "2"]
[White "Farhaan, M."]
[Black "Alalwan, Sajjad Abbas Khudha"]
[Result "1/2-1/2"]
[WhiteElo "1650"]
[BlackElo "1853"]
[PlyCount "69"]
[EventDate "2023.08.28"]
[EventType "swiss"]
[EventRounds "9"]
[EventCountry "UAE"]
[SourceTitle "EXT 2024"]
[Source "ChessBase"]
[SourceDate "2023.10.10"]
[SourceVersion "1"]
[SourceVersionDate "2023.10.10"]
[SourceQuality "1"]

1. d4 Nf6 2. Nf3 e6 3. e3 c5 4. c3 b6 5. Bd3 Bb7 6. Nbd2 d5 7. Ne5 Bd6 8. f4 0-0 9. 0-0 Ne4 10. Qc2 f5 11. Ndf3 Nd7 12. Bd2 Bxe5 13. Nxe5 Nxe5 14. fxe5 a5 15. Bxe4 fxe4 16. Rxf8+ Qxf8 17. Rf1 Qe7 18. Qd1 Ba6 19. Rf4 Rf8 20. Rxf8+ Qxf8 21. h3 Bc4 22. a3 Qf5 23. Kh2 Qf2 24. Qe1 Qf5 25. Kg1 Qh5 26. b4 cxb4 27. cxb4 a4 28. Kh2 h6 29. Kg1 Kf7 30. Qf2+ Ke8 31. Qe1 Kd7 32. b5 Qe2 33. Qxe2 Bxe2 34. Kf2 Bxb5 35. Bb4 1/2-1/2

[Event "Udaipur Lakecity blitz op 1st"]
[Site "Udaipur"]
[Date "2019.09.16"]
[Round "1"]
[White "Ravi, Teja Sanka"]
[Black "Farhaan, M."]
[Result "1-0"]
[WhiteElo "2409"]
[BlackElo "1491"]
[PlyCount "115"]
[EventDate "2019.09.16"]
[EventType "swiss (blitz)"]
[EventRounds "9"]
[EventCountry "IND"]
[SourceTitle "EXT 2020"]
[Source "ChessBase"]
[SourceDate "2019.10.17"]
[SourceVersion "1"]
[SourceVersionDate "2019.10.17"]
[SourceQuality "1"]

1. d4 Nf6 2. Nf3 g6 3. Bg5 Bg7 4. Nbd2 d6 5. e4 h6 6. Bh4 c6 7. c3 Bg4 8. Bd3 Qb6 9. Nc4 Qc7 10. h3 Be6 11. Qe2 b5 12. Ne3 Nh5 13. Bg3 Nxg3 14. fxg3 a6 15. 0-0 Nd7 16. d5 cxd5 17. exd5 Bf5 18. Bxf5 gxf5 19. Nxf5 Be5 20. Nxe5 Nxe5 21. Kh2 Qc4 22. Qxc4 Nxc4 23. a4 bxa4 24. Rxa4 Ne5 25. Rfa1 Rb8 26. Rxa6 0-0 27. Nxe7+ Kh7 28. b4 Rfe8 29. Nf5 Rec8 30. Rxd6 Rxc3 31. Rxh6+ Kg8 32. Ne7+ Kg7 33. Nf5+ Kg8 34. Re1 Re8 35. Re4 Rc2 36. Re3 Rf2 37. Rf6 Ng4+ 38. hxg4 Rxe3 39. Nh6+ Kg7 40. Rxf2 Kxh6 41. Rxf7 Re4 42. Rb7 Rd4 43. Rb6+ Kg5 44. d6 Kxg4 45. b5 Rd5 46. Rb8 Rxd6 47. b6 Rh6+ 48. Kg1 Rc6 49. Rg8+ Kf5 50. b7 Rc1+ 51. Kh2 Rc7 52. b8Q Rh7+ 53. Kg1 Re7 54. Qf4+ Ke6 55. Rg6+ Kd7 56. Qd6+ Ke8 57. Rg8+ Kf7 58. Qg6# 1-0

[Event "Udaipur Lakecity rapid op 1st"]
[Site "Udaipur"]
[Date "2019.09.14"]
[Round "2"]
[White "Farhaan, M."]
[Black "Das, Sayantan"]
[Result "0-1"]
[WhiteElo "1529"]
[BlackElo "2434"]
[PlyCount "108"]
[EventDate "2019.09.14"]
[EventType "swiss (rapid)"]
[EventRounds "9"]
[EventCountry "IND"]
[SourceTitle "EXT 2020"]
[Source "ChessBase"]
[SourceDate "2019.10.17"]
[SourceVersion "1"]
[SourceVersionDate "2019.10.17"]
[SourceQuality "1"]

1. d4 d5 2. c4 e6 3. Nc3 Bb4 4. Nf3 Nf6 5. Bg5 h6 6. Bh4 dxc4 7. e3 b5 8. a4 c6 9. Be2 Bb7 10. 0-0 a6 11. Ne5 Nbd7 12. Nxd7 Qxd7 13. Bf3 Be7 14. Qc2 0-0 15. Bxf6 Bxf6 16. Ne4 Be7 17. b3 cxb3 18. Qxb3 e5 19. dxe5 c5 20. Rad1 Qc7 21. e6 c4 22. exf7+ Rxf7 23. Qc2 Raf8 24. Bh5 Rf5 25. Bg4 Re5 26. Ng3 Qc6 27. e4 Bc5 28. Kh1 Rg5 29. Bf5 Rgxf5 30. Nxf5 Rxf5 31. axb5 axb5 32. f3 Rf8 33. Rd5 Be7 34. Rfd1 Bc8 35. Rc1 Be6 36. Rh5 b4 37. Qd2 Bg5 38. Rxg5 hxg5 39. Qxb4 g4 40. Qc3 Rd8 41. Qe5 c3 42. Qg5 Qd7 43. h4 Rc8 44. f4 Qd2 45. f5 Qxg5 46. hxg5 Bb3 47. Kh2 c2 48. g6 Rd8 49. Ra1 Kh8 50. e5 Rd1 51. Ra8+ Bg8 52. Rc8 c1Q 53. Rxc1 Rxc1 54. f6 Rf1 0-1